Surrender at Dacca: birth of a nation (Record no. 70087)

000 -LEADER
fixed length control field 01016nam a2200325 a 4500
001 - CONTROL NUMBER
control field 3557109
003 - CONTROL NUMBER IDENTIFIER
control field NUST - PNEC
005 - DATE AND TIME OF LATEST TRANSACTION
control field 20170116181133.0
008 - FIXED-LENGTH DATA ELEMENTS--GENERAL INFORMATION
fixed length control field 970904s1997 ii ab 001 0 eng
010 ## - LIBRARY OF CONGRESS CONTROL NUMBER
LC control number 97904766
020 ## - INTERNATIONAL STANDARD BOOK NUMBER
International Standard Book Number 817304189X
025 ## - OVERSEAS ACQUISITION NUMBER
Overseas acquisition number I-E-97-904766; 62-92
040 ## - CATALOGING SOURCE
Original cataloging agency DLC
Transcribing agency LIBRARY
042 ## - AUTHENTICATION CODE
Authentication code lcode
043 ## - GEOGRAPHIC AREA CODE
Geographic area code a-bg---
-- a-ii---
050 00 - LIBRARY OF CONGRESS CALL NUMBER
Classification number DS395.5
Item number .J315 1997
082 00 - DEWEY DECIMAL CLASSIFICATION NUMBER
Classification number 954.92051 JAC
Edition number 21
100 1# - MAIN ENTRY--PERSONAL NAME
Personal name Jacob, J. F. R.
Fuller form of name (Jacob F. R.)
245 10 - TITLE STATEMENT
Title Surrender at Dacca: birth of a nation
Statement of responsibility, etc. J.F.R. Jacob.
260 ## - PUBLICATION, DISTRIBUTION, ETC.
Place of publication, distribution, etc. New Delhi :
Name of publisher, distributor, etc. Manohar Publishers & Distributors,
Date of publication, distribution, etc. c.1997
300 ## - PHYSICAL DESCRIPTION
Extent 263 p. :
Other physical details ill., maps ;
Dimensions 23 cm.
500 ## - GENERAL NOTE
General note One map in pocket.
500 ## - GENERAL NOTE
General note Includes index.
650 ## - SUBJECT ADDED ENTRY--TOPICAL TERM
9 (RLIN) 14112
Topical term or geographic name entry element Birth of a nation
General subdivision General
651 #0 - SUBJECT ADDED ENTRY--GEOGRAPHIC NAME
Geographic name Bangladesh
General subdivision History
Chronological subdivision Revolution, 1971-
General subdivision Campaign.
651 #0 - SUBJECT ADDED ENTRY--GEOGRAPHIC NAME
Geographic name India
General subdivision History, Military.
906 ## - LOCAL DATA ELEMENT F, LDF (RLIN)
a 7
b cbc
c origode
d 3
e ncip
f 19
g y-gencatlg
942 ## - ADDED ENTRY ELEMENTS (KOHA)
Source of classification or shelving scheme
Koha item type Book
Holdings
Withdrawn status Lost status Source of classification or shelving scheme Damaged status Not for loan Permanent Location Current Location Shelving location Date acquired Total Checkouts Full call number Barcode Date last seen Price effective from Koha item type
          Pakistan Navy Engineering College (PNEC) Pakistan Navy Engineering College (PNEC)       954.92051 JAC PNECLIB-021950 10/06/2015   Book
© 2023 Central Library, National University of Sciences and Technology. All Rights Reserved.